Enciclopedia de la musica /

Guardado en:
Autor Principal: Balda, Rubén
Formato: Libro
Publicado: Mar del Plata : Mundo Hispano, 2015
Materias:
Etiquetas: Agregar Etiqueta
Sin Etiquetas, Sea el primero en etiquetar este registro!
LEADER 00623nam a22002295a 4500
001 CEM.cems014788
008 130507s2015##################000#0#####d
005 20210805164612.0
003 CEMS
245 1 0 |a Enciclopedia de la musica /  |c Rubén Balda 
260 |a Mar del Plata :  |b Mundo Hispano,  |c 2015 
300 |a 63 p. 
590 |a 1338.017 
020 |a 9789871832453 
100 1 |a Balda, Rubén 
653 |a Musica 
653 |a Enciclopedia 
653 |a Historia musical 
653 |a Teoría musical 
653 |a Instrumentos musicales 
653 |a Biblioteca TC 
859 |a CEMS  |b BIB. CEMS - 11 de abril  |h TC  |p 1338.017  |t Ej.1